ბათუმის შოთა რუსთაველის სახელმწიფო უნივერსიტეტის ბიბლიოთეკა

მტირალას ეროვნული პარკი და მისი დამხმარე ზონა. (ბიბ.ჩანაწერი № 34884)

000 -LEADER
fixed length control field 00528nam a2200157Ia 4500
001 - CONTROL NUMBER
control field 705
003 - CONTROL NUMBER IDENTIFIER
control field GE_BSU
008 - FIXED-LENGTH DATA ELEMENTS--GENERAL INFORMATION
fixed length control field 181216s||||||||xx |||||||||||||| ||und||
020 ## - INTERNATIONAL STANDARD BOOK NUMBER
International Standard Book Number 9789941006340
040 ## - CATALOGING SOURCE
Transcribing agency GE_BSU
245 ## - TITLE STATEMENT
Title მტირალას ეროვნული პარკი და მისი დამხმარე ზონა.
260 ## - PUBLICATION, DISTRIBUTION, ETC.
Place of publication, distribution, etc. ბათუმი
260 ## - PUBLICATION, DISTRIBUTION, ETC.
Name of publisher, distributor, etc. შპს"ჯეოპრინტი''
653 ## - INDEX TERM--UNCONTROLLED
Uncontrolled term საქართველოს ნაკრძალები
942 ## - ADDED ENTRY ELEMENTS (KOHA)
Koha item type წიგნი
ეგზემპლარები
Withdrawn status Lost status Damaged status Not for loan Date acquired Barcode Date last seen Price effective from Koha item type
        2018-12-17 1886 2018-12-17 2018-12-17 წიგნი